000 00840nam a2200229 u 4500
005 20210219155845.0
008 071108s1980 mx r 000 0 spa d
020 _a9684290179
035 _aUPN01000153424
049 _aUNE
080 _a37.014.3 :304 (729.1) CAR.
100 1 _aCarnoy, Martin
245 1 0 _aCuba :
_bcambio económico y reforma educativa (1955-1978) /
_cMartin Carnoy, Jorge Werthein ; tr. Servi Lola Jaled Díaz.
260 _aMéxico :
_bNueva Imágen,
_c1980.
300 _a158 p. :
_bfots.
534 _pTraducción de:
_tCuba : economic change and educational reform
690 _aEducación - Cuba - Historia (1955-1978)
690 _aEducación - Cuba - Movimientos revolucionarios
690 _aCuba - Educación - Desarrollo económico y social
700 1 _aWerthein, Jorge,
_ecoaut.
905 _aUNESCO
999 _c125545
_d125545